Capitals of Provinces/States/Regions #2 - Statistics

General Stats
  • This quiz has been taken 12 times
  • The average score is 10 of 14
Answer Stats
Region Country Capital % Correct
Texas United States Austin
100%
Sicily Italy Palermo
100%
Ar-Riyāḍ Saudi Arabia Riyadh
100%
Ontario Canada Toronto
100%
Federal Capital Territory Nigeria Abuja
90%
Sermersooq Municipality Denmark (Greenland) Nuuk
90%
Andalusia Spain Seville
70%
Crete Greece Heraklion
60%
Primorsky Russia Vladivostok
60%
Uttar Pradesh India Lucknow
50%
Nuevo León Mexico Monterrey
50%
South Holland (Zuid-Holland) Netherlands The Hague
50%
Karakalpakstan Uzbekistan Nukus
40%
Loreto Peru Iquitos
20%
No matching quizzes found
Score Distribution
Percent of People with Each Score
Percentile by Number Answered
Your Score History
You have not taken this quiz